Ave Maria madre di Dio (Record n. 98849)
[ formato base ]
| 000 -LEADER | |
|---|---|
| fixed length control field | 02270njm a2200313Ia 4500 |
| 001 - CONTROL NUMBER | |
| control field | 40508 |
| 003 - CONTROL NUMBER IDENTIFIER | |
| control field | IT-RoPAU |
| 005 - DATE AND TIME OF LATEST TRANSACTION | |
| control field | 20220918181109.0 |
| 008 - FIXED-LENGTH DATA ELEMENTS--GENERAL INFORMATION | |
| fixed length control field | 131025s9999 xx 000 0 und d |
| 040 ## - CATALOGING SOURCE | |
| Original cataloging agency | IT-RoPAU |
| 040 ## - CATALOGING SOURCE | |
| Transcribing agency | IT-RoPAU |
| 041 ## - LANGUAGE CODE | |
| Language code of text/sound track or separate title | LATINO |
| 999 ## - SYSTEM CONTROL NUMBERS (KOHA) | |
| Koha Dewey Subclass [OBSOLETE] | n.d. |
| 100 ## - MAIN ENTRY--PERSONAL NAME | |
| Personal name | Anonimo |
| 9 (RLIN) | 883 |
| 100 ## - MAIN ENTRY--PERSONAL NAME | |
| Relator term | Autore musica |
| 9 (RLIN) | 21932 |
| 100 ## - MAIN ENTRY--PERSONAL NAME | |
| Miscellaneous information | Codice autore musica SPICS: 2620 |
| 9 (RLIN) | 885 |
| 245 ## - TITLE STATEMENT | |
| Title | Ave Maria madre di Dio |
| 250 ## - EDITION STATEMENT | |
| Edition statement | 1a ed. |
| 260 ## - PUBLICATION, DISTRIBUTION, ETC. (IMPRINT) | |
| Place of publication, distribution, etc. | ROMA |
| 260 ## - PUBLICATION, DISTRIBUTION, ETC. (IMPRINT) | |
| Name of publisher, distributor, etc. | EP - MUSICALI E DISCOGRAFICHE |
| Date of publication, distribution, etc. | 1986 [1a Ed.:1986] |
| 300 ## - PHYSICAL DESCRIPTION | |
| Extent | MUSICASSETTA |
| 300 ## - PHYSICAL DESCRIPTION | |
| Dimensions | 122 minuti (Testo: 24 pag.) |
| 500 ## - GENERAL NOTE | |
| General note | Musica religiosa. Canto gregoriano. Canto liturgico. Antifone. Madonna. Salterio. |
| 505 ## - FORMATTED CONTENTS NOTE | |
| Formatted contents note | Salve Regina (Coro dei Trappisti di Citeaux) - Maria Madre di Dio (Coro dei Monaci di Liguge') - Salve Regina di Citeaux - Alleluia -Magnificat - Ora Terza al Monastero (Epifania) - Libera me - Chorus angelorum clementissime - Verbum caro Magnificat (tono solenne) - Sanctorum meritis - Jesu corona virginum (Inno) - Ave Maria (Offertorio) - Pueri hebraeorum gloria laus (Dom. delle Palme) - Rorate (Avvento) - Alma Redemptoris - O admirabile dixit Dominus - Quando natus laudate - Rubum laetatus sum - Ecce Maria - Nisi Dominus - Verbum caro - A solis ortus cardine - Magnum hereditatis magnificat - Salve sancta parens - Gabriel angelus - Quomodo - Ecce ancilla - Exsurgens Maria - Intravit Maria - Cum Audisset - Genuit puerpera sancta - Gaude Dei genitrix fili - Quo Abiit - Venite - Summae Deus - Recordare - Laetare Virgo - Ascendit Deus - Spiritus Domini - Assumpta est - Exaltata est - Virgo prudentissima - Tota pulchra es - Regina coeli - Jucundare Filia Sion - Ne timeas Maria - Beata es Maria - Exulta satis - Ecce Virgo - Primo tempore - Beata Dei genitrix - Genuit puerpera regem - Vultum tuum - Virgo Dei genitrix - Ave Maria - Adorna - Ave regina caelorum - Lamentazione: O vos omnes - Alleluia, virga Jesse - Exaltata est - Ave Maris stella - Regina caeli - Salve sancta parens - O quam glorifica - Salve regina |
| 511 ## - PARTICIPANT OR PERFORMER NOTE | |
| Participant or performer note | Coro dei Padri di Chevilly |
| 650 ## - SUBJECT ADDED ENTRY--TOPICAL TERM | |
| Topical term or geographic name as entry element | GREGORIANO [CASSETTE] |
| Relator term | Codice MATERIA SPICS: 9951 |
| 9 (RLIN) | 15085 |
| 700 ## - ADDED ENTRY--PERSONAL NAME | |
| Personal name | AA.VV. |
| Relator term | Interprete |
| Miscellaneous information | Codice interprete SPICS: 12000 |
| 9 (RLIN) | 21933 |
| 942 ## - ADDED ENTRY ELEMENTS (KOHA) | |
| Koha item type | MUSICASSETTE |
| Source of classification or shelving scheme | Dewey Decimal Classification |
| Withdrawn status | Lost status | Damaged status | Not for loan | Home library | Current library | Date acquired | Total Checkouts | Full call number | Date last seen | Price effective from | Koha item type | Public note |
|---|---|---|---|---|---|---|---|---|---|---|---|---|
| Buone Condizioni | Not For Loan | SPICS-MEDIATECA | SPICS-MEDIATECA | 25/10/2013 | 40508 | 25/10/2013 | 25/10/2013 | MUSICASSETTE | Progr. Ins.: 14304 / N.Vol.: 3 / Copie: 1 - Copia rara: n.d. / date import: 01.01.2014 - By Epidotti, Trombetti, Vaglietti |